| 000 | 00541nam a22001577a 4500 | ||
|---|---|---|---|
| 020 | _a978-81-203-5239-1 | ||
| 082 |
_a502 _bSEK/T |
||
| 100 | _aSEKHRI, SEEMA | ||
| 245 |
_aTEXTBOOK OF FABRIC SCIENCE _bFUNDAMENTALS TO FINISHING |
||
| 250 | _aSECOND EDITION | ||
| 260 |
_aDELHI _bPHI LEARNING PRIVATE LIMITED _c2017 |
||
| 300 | _a276 | ||
| 520 | _aUNDERSTANDING OF THE WORLD OF FABRICS BY EXPLAINING THE FACTORS THAT CONTRIBUTE TO THE AESTHETICS AS WELL AS PERFORMANCE OF A TEXTILE PRODUCT | ||
| 650 |
_aFASHION DESIGNING _zINDIA |
||
| 942 | _cBK | ||
| 999 |
_c5901 _d5901 |
||